MARC

LEADER 00000nam0a2200000 4500
001 304822
005 20231102001735.0
035 |a (RuTPU)RU\TPU\book\330069 
090 |a 304822 
100 |a 20150918d1982 k y0rusy50 ca 
101 0 |a rus 
102 |a AM 
105 |a a z 001zy 
200 1 |a Электрический транспорт  |e межвузовский тематический сборник научных трудов по электротехнике  |f Ереванский политехнический институт (Политехник) ; под ред. Ю. С. Чатиняна 
210 |a Ереван  |c Изд-во ЕрПИ  |d 1982 
215 |a 176 с.  |c ил. 
320 |a Библиогр. в конце ст. 
606 1 |a Электрический транспорт, городской  |2 stltpush  |3 (RuTPU)RU\TPU\subj\27807  |9 51503 
610 1 |a трехфазные двигатели 
610 1 |a математические модели 
610 1 |a явнополюсные синхронные машины 
610 1 |a магнитные поля 
610 1 |a электромагниты 
610 1 |a катушки 
610 1 |a расчеты 
610 1 |a электроприводы 
610 1 |a асинхронные двигатели 
610 1 |a электрические потери 
610 1 |a конденсаторы 
610 1 |a металлогалогенные лампы 
675 |a 621.331  |v 4 
702 1 |a Чатинян  |b Ю. С.  |4 340 
712 0 2 |a Ереванский политехнический институт (Политехник)  |c (1930-????)  |2 stltpush  |3 (RuTPU)RU\TPU\col\9965 
801 1 |a RU  |b 63413507  |c 20150918 
801 2 |a RU  |b 63413507  |c 20190530  |g RCR 
942 |c BK